000 01210cam a2200301 a 4500
001 12593485
005 20221005093849.0
008 011119s2002 nyuaf b 001 0 eng
010 _a 2001058459
020 _a0802117147
040 _aDLC
_cDLC
_dDLC
043 _an-us---
_aa-cc-ti
050 0 0 _aE183.8.T55
_bL35 2002
082 0 0 _a303.482730515
_bLAI
100 1 _aLaird, Thomas,
_d1953-
_999123
245 1 0 _aInto Tibet :
_bthe CIA's first atomic spy and his secret expedition to Lhasa /
_cThomas Laird.
246 3 0 _aSecret expedition to Lhasa
250 _a1st ed.
260 _aNew York :
_bGrove Press,
_cc2002.
300 _axviii, 364 p., [8] p. of plates :
_bill. ;
_c24 cm.
504 _aIncludes bibliographical references (p. 335-344) and index.
650 0 _aEspionage, American
_zChina
_zTibet Autonomous Region.
_999124
651 0 _aUnited States
_xRelations
_zChina
_zTibet Autonomous Region.
_999125
651 0 _aTibet Autonomous Region (China)
_xRelations
_zUnited States.
_999126
906 _a7
_bcbc
_corignew
_d1
_eocip
_f20
_gy-gencatlg
942 _2ddc
_cBK
999 _c591494
_d591494